Letecká doprava Príloha

Z obsahu prílohy: Vývoj leteckej nákladnej dopravy. Právo v leteckej doprave. Preprava tovaru - cargo v podmienkach českých aerolínií. Spolupráca českých aerolínií s leteckými spoločnosťami British Airways. Výstavba cargoterminálu, ktorý za podpory Českej správy letísk pripravuje spoločnosť Czech Og...

Descripción completa

Guardado en:
Detalles Bibliográficos
Formato: Capítulo de libro
Lenguaje:checo
Materias:
Etiquetas: Agregar Etiqueta
Sin Etiquetas, Sea el primero en etiquetar este registro!

MARC

LEADER 00000naa a2200000 4500
001 r027237
005 20230922090129.3
041 0 |a cze 
044 |a CZ 
245 1 0 |a Letecká doprava  |b Príloha 
520 |a Z obsahu prílohy: Vývoj leteckej nákladnej dopravy. Právo v leteckej doprave. Preprava tovaru - cargo v podmienkach českých aerolínií. Spolupráca českých aerolínií s leteckými spoločnosťami British Airways. Výstavba cargoterminálu, ktorý za podpory Českej správy letísk pripravuje spoločnosť Czech Ogden Airhandling, s.r.o. Letecká špedícia. Letecké spoločnosti, organizácie a letiská. Systém organizácie leteckých dopravných spoločností a letísk prostredníctvom TACT kódu. Podmienky IATA pre prepravu tovaru. Tarify pre leteckú nákladnú dopravu. Uzavretie prepravnej zmluvy. 
610 2 0 |a doprava letecká 
610 2 0 |a doprava letecká nákladná 
610 2 0 |a právo letecké 
610 2 0 |a zasielatelia 
610 2 0 |a organizácie medzinárodné 
610 2 0 |a IATA 
610 2 0 |a spoločnosti letecké 
610 2 0 |a British Airways 
610 2 0 |a Veľká Británia 
610 2 0 |a Česko 
610 2 0 |a tarify dopravné medzinárodné 
610 2 0 |a zmluvy prepravné